A Study of Interpersonal Relations : New Contributions to Psychiatry /

Compilación de estudios de corte psiquiátrico, psicológico, sociológico y antropológico sobre las relaciones interpersonales. El objetivo es demostrar que éstas medulares para comprender los problemas psiquiátricos: el individuo es considerado un ser social, y es en contextos sociales es donde surge...

Descrizione completa

Salvato in:
Dettagli Bibliografici
Autore principale: Mullahy, Patrick (autor)
Natura: Libro
Lingua:inglese
Serie:(Evergreen ; 76)
Soggetti:
Tags: Aggiungi Tag
Nessun Tag, puoi essere il primo ad aggiungerne!!

MARC

LEADER 00000nam^a2200000^a^4500
001 000182840
005 20250521000000.0
009 20260310102020.852
037 |a Acervo ITESO - Biblioteca 
041 |a ING 
082 |a 616. 89  |b MUL 
100 |a Mullahy, Patrick  |e (autor) 
245 1 2 |a A Study of Interpersonal Relations :  |b New Contributions to Psychiatry /  |c Ed., introd. y pref. de P. Mullahy. 
264 |a Nueva York, EUA :  |b Grove,  |c 1957 
300 |a XXXI, 507 p. 
336 |a texto  |b txt  |2 rdacontenido 
337 |a sin mediación  |b n  |2 rdamedio 
338 |a volumen  |b nc  |2 rdasoporte 
440 1 |a (Evergreen ;  |v 76) 
520 |a Compilación de estudios de corte psiquiátrico, psicológico, sociológico y antropológico sobre las relaciones interpersonales. El objetivo es demostrar que éstas medulares para comprender los problemas psiquiátricos: el individuo es considerado un ser social, y es en contextos sociales es donde surgen sus problemáticas. 
649 |a XX 
650 |a Niños -  |x Condiciones Psicológicas 
650 |a Mujeres -  |x Condiciones Psicológicas 
650 |a Homosexualidad 
650 |a Ansiedad 
650 |a Obesidad 
650 |a Personalidad Obsesivo-Compulsiva 
650 |a Personalidad 
650 |a Esquizofrenia 
650 |a Psicosis 
650 |a Amnesia 
650 |a Memoria 
650 |a Condicionamiento 
650 |a Psicología Cognitiva 
650 |a Comunicación Personal 
650 |a Transferencia (Psicoanálisis) 
650 |a Relación Analítica 
650 |a Psicoterapia Psicoanalítica 
650 |a Psicopatología 
650 |a Psicoanálisis 
650 |a Antropología 
650 |a Psicología Social 
650 |a Psicología Clínica 
650 |a Psiquiatría 
910 |a Fondo General 
920 |a Impresos - Libros 
930 |a Colección General 
905 |a 101 
901 |a 0500122678  |b IT1  |c ACC  |u 20250521 
902 |a https://opac.biblio.iteso.mx/vufind/Record/000182840